7 Seas Quiz Stats

 Plays Quiz not verified by Sporcle

Challenge
Share
Tweet
Embed
Score 0/7 Timer 03:00
0 Plays Today
Continent Sea % Correct
EuropeBlack Sea
86%
AsiaRed Sea
81%
EuropeMediterranean Sea
70.2%
AsiaCaspian Sea
62.8%
AsiaArabian Sea
43%
EuropeAdriatic Sea
36.4%
AsiaPersian Gulf
30.6%

You're not logged in!

Compare scores with friends on all Sporcle quizzes.
OR
Log In

You Might Also Like...

Show Comments

Extras

Created Jan 28, 2012ReportNominate
Tags:Continent Quiz, sea

Top Quizzes Today


Score Distribution

Your Account Isn't Verified!

In order to create a playlist on Sporcle, you need to verify the email address you used during registration. Go to your Sporcle Settings to finish the process.

Report this User

Report this user for behavior that violates our Community Guidelines.

Details: